| 000 | 00601nai a2200181Ia 4500 | ||
|---|---|---|---|
| 003 | IN-BaIIA | ||
| 008 | 211028c9999 xx s 000 0 eng d | ||
| 022 | _a0815-9319 (Print) | ||
| 022 | _a1440-1746 (Online) | ||
| 040 | _cIIA Library | ||
| 245 | 0 |
_aJournal Of Gastroenterology And Hepatology _h[eJournal] |
|
| 260 |
_aNew Jersey _bJohn Wiley & Sons |
||
| 310 | _aMonthly | ||
| 362 | _a12(1); 1997 - Present | ||
| 521 | _bSubscribed through National Knowledge Resource Consortium (NKRC) | ||
| 856 |
_uhttps://onlinelibrary.wiley.com/journal/14401746 _yClick Here to Access eJournal |
||
| 942 | _cEJ | ||
| 999 |
_c35073 _d35073 |
||